The Characters of Fire Emblem: Engage by Picture - Statistics

General Stats
  • This quiz has been taken 31 times
  • The average score is 39 of 41
Answer Stats
Picture Answer % Correct
Alear
100%
Anna
100%
Chloe
100%
Clanne
100%
Diamant
100%
Framme
100%
Hortensia
100%
Ivy
100%
Lapis
100%
Merrin
100%
Panette
100%
Veyle
100%
Yunaka
100%
Alcryst
96%
Alfred
96%
Boucheron
96%
Celine
96%
Citrinne
96%
Etie
96%
Goldmary
96%
Louis
96%
Timerra
96%
Bunet
93%
Fogado
93%
Jade
93%
Jean
93%
Kagetsu
93%
Pandreo
93%
Vander
93%
Zelestia
93%
Zelkov
93%
Amber
89%
Gregory
89%
Lindon
89%
Mauvier
89%
Nel
89%
Rosado
89%
Saphir
89%
Madeline
86%
Rafal
86%
Seadall
86%
No matching quizzes found
Score Distribution
Percent of People with Each Score
Percentile by Number Answered
Your Score History
You have not taken this quiz